000 00696nam a2200217 i 4500
001 69376
003 ES-MaACL
005 20240417164246.0
007 t|
008 040705s1985 fr ||||1| spa d
020 _a2-904949-04-6
100 1 _aGarcía Berrio, Antonio.
_954265
245 1 3 _aLa construcción imaginaria en Cántico de Jorge Guillén /
_cA. García Berrio.
260 _aLimoges :
_bTrames :
_bU.E.R. des Lettres & des Sciences Humaines,
_c1985.
300 _a509 p., 2 lám. ;
_c24 cm.
500 _aÍndice.
595 _aNúmero especial sobre Jorge Guillén.
600 1 7 _aGuillén, Jorge,
_d1893-1984
_2
_960765
852 _aES-MaACL
_jL-9220
999 _c69376
_d69376